| 000 | 00412nam a2200145Ia 4500 | ||
|---|---|---|---|
| 008 | 241014s9999||||xx |||||||||||||| ||und|| | ||
| 020 | _a81-8061-813-7 | ||
| 060 | _aWQ 425 M 2007 | ||
| 100 | _aMadhuri, G. B. | ||
| 245 | 0 | _aTextbook of Physiotherapy for Obstetric and Gynecological Conditions. | |
| 260 |
_bJaypee Brothers Medical Publishers _c2007 |
||
| 300 | _a191 | ||
| 650 | _aObstetrics | ||
| 942 |
_bDIMC _cBK |
||
| 999 |
_c9303 _d9303 |
||